书目信息 |
| 题名: |
天上人间
|
|
| 作者: | 陈明 著 | |
| 分册: | ||
| 出版信息: | 郑州 中州古籍出版社 2015 |
|
| 页数: | 125页 | |
| 开本: | 23cm | |
| 丛书名: | 华夏文库 | |
| 单 册: | ||
| 中图分类: | K870.6 | |
| 科图分类: | ||
| 主题词: | 敦煌学--艺术美学 | |
| 电子资源: | ||
| ISBN: | 978-7-5348-4609-0 | |
| 000 | 00821nam 2200253 450 | |
| 001 | 2351231496 | |
| 005 | 20231206141401.66 | |
| 010 | @a978-7-5348-4609-0@dCNY38.00 | |
| 100 | @a20200825d2015 em y0chiy50 ea | |
| 101 | 0 | @achi |
| 102 | @aCN@b410000 | |
| 105 | @aa z 000yy | |
| 200 | 1 | @a天上人间@Atian shang ren jian@e敦煌艺术@f陈明著 |
| 210 | @a郑州@c中州古籍出版社@d2015 | |
| 215 | @a125页@c图@d23cm | |
| 225 | 2 | @a华夏文库@Ahua xia wen ku@i佛教书系 |
| 330 | @a本书主要分为六个部分, 内容包括: 塞外奇观、千佛之窗、泥彩塑像、敦煌的装饰工艺、皇皇巨著、今天的敦煌及其保护等。 | |
| 410 | 0 | @12001 @a华夏文库@i佛教书系 |
| 517 | 1 | @a敦煌艺术@Adun huang yi shu |
| 606 | 0 | @a敦煌学@x艺术美学 |
| 690 | @aK870.6@v5 | |
| 701 | 0 | @a陈明@Achen ming@4著 |
| 801 | 0 | @aCN@b湖北三新@c20200825 |
| 905 | @aZUCC@dK870.6@e7 | |
| 天上人间:敦煌艺术/陈明著.-郑州:中州古籍出版社,2015 |
| 125页:图;23cm.-(华夏文库.佛教书系) |
| ISBN 978-7-5348-4609-0:CNY38.00 |
| 本书主要分为六个部分, 内容包括: 塞外奇观、千佛之窗、泥彩塑像、敦煌的装饰工艺、皇皇巨著、今天的敦煌及其保护等。 |
| ● |
| 相关链接 |
|
|
|
正题名:天上人间
索取号:K870.6/7
 
预约/预借
| 序号 | 登录号 | 条形码 | 馆藏地/架位号 | 状态 | 备注 |
| 1 | 2001361273 | 2001361273 | 404传统文化书屋/404室B面1架3层1列/ [索取号:K870.6/7] | 在馆 | |
| 2 | 2001361274 | 2001361274 | 404传统文化书屋/404室B面1架3层1列/ [索取号:K870.6/7] | 在馆 | |
| 3 | 2001361275 | 2001361275 | 404传统文化书屋/404室B面1架3层1列/ [索取号:K870.6/7] | 在馆 | |
| 4 | 2001361276 | 2001361276 | 404传统文化书屋/404室B面1架3层1列/ [索取号:K870.6/7] | 在馆 | |
| 5 | 2001361277 | 2001361277 | 404传统文化书屋/404室B面1架3层1列/ [索取号:K870.6/7] | 在馆 | |
| 6 | 2001361278 | 2001361278 | 404传统文化书屋/404室B面1架3层1列/ [索取号:K870.6/7] | 在馆 | |
| 7 | 2001361279 | 2001361279 | 512书库/ [索取号:K870.6/7] | 在馆 | |
| 8 | 2001361280 | 2001361280 | 512书库/ [索取号:K870.6/7] | 在馆 | |
| 9 | 2001361281 | 2001361281 | 512书库/ [索取号:K870.6/7] | 在馆 | |
| 10 | 2001361282 | 2001361282 | 512书库/ [索取号:K870.6/7] | 在馆 | |
| 11 | 2001361283 | 2001361283 | 512书库/ [索取号:K870.6/7] | 在馆 | |
| 12 | 2001361284 | 2001361284 | 512书库/ [索取号:K870.6/7] | 在馆 | |
| 13 | 2001361285 | 2001361285 | 第四书库/四21架B面4层2列/ [索取号:K870.6/7] | 在馆 | |
| 14 | 2001361286 | 2001361286 | 第四书库/四21架B面4层2列/ [索取号:K870.6/7] | 在馆 | |
| 15 | 2001361287 | 2001361287 | 第四书库/四21架B面4层2列/ [索取号:K870.6/7] | 在馆 | |
| 16 | 2001361288 | 2001361288 | 第四书库/四21架B面4层2列/ [索取号:K870.6/7] | 在馆 | |
| 17 | 2001361289 | 2001361289 | 第四书库/四21架B面4层2列/ [索取号:K870.6/7] | 在馆 | |
| 18 | 2001361290 | 2001361290 | 第四书库/四21架B面4层2列/ [索取号:K870.6/7] | 在馆 | |
| 19 | 2001361291 | 2001361291 | 218书库/ [索取号:K870.6/7] | 在馆 | |
| 20 | 2001361292 | 2001361292 | 218书库/ [索取号:K870.6/7] | 在馆 | |
| 21 | 2001361293 | 2001361293 | 218书库/ [索取号:K870.6/7] | 在馆 | |
| 22 | 2001361294 | 2001361294 | 218书库/ [索取号:K870.6/7] | 在馆 | |
| 23 | 2001361295 | 2001361295 | 218书库/ [索取号:K870.6/7] | 在馆 | |
| 24 | 2001361296 | 2001361296 | 218书库/ [索取号:K870.6/7] | 在馆 | |
| 25 | 2001361297 | 2001361297 | 315书库/ [索取号:K870.6/7] | 在馆 | |
| 26 | 2001361298 | 2001361298 | 315书库/ [索取号:K870.6/7] | 在馆 | |
| 27 | 2001361299 | 2001361299 | 315书库/ [索取号:K870.6/7] | 在馆 | |
| 28 | 2001361300 | 2001361300 | 315书库/ [索取号:K870.6/7] | 在馆 | |
| 29 | 2001361301 | 2001361301 | 315书库/ [索取号:K870.6/7] | 在馆 | |
| 30 | 2001361302 | 2001361302 | 315书库/ [索取号:K870.6/7] | 在馆 |